[Event "FRA-chT Top 12 (Women) GpA"]
[Site "Mulhouse"]
[Date "2017.05.05"]
[Round "1.1"]
[White "Dubois, Marie"]
[Black "Durczak, Melanie"]
[Result "1/2-1/2"]
[WhiteElo "1965"]
[BlackElo "1702"]
[PlyCount "75"]
[EventDate "2017.05.05"]
[EventType "team-tourn"]
[EventRounds "5"]
[EventCountry "FRA"]
[SourceTitle "CBM 178 Extra"]
[Source "ChessBase"]
[SourceDate "2017.06.22"]
[SourceVersion "1"]
[SourceVersionDate "2017.06.22"]
[SourceQuality "1"]
[WhiteTeam "Montpellier (W)"]
[BlackTeam "Saint Quentin (W)"]
[WhiteTeamCountry "FRA"]
[BlackTeamCountry "FRA"]

1. d4 d5 2. c4 c6 3. Nc3 e5 4. e3 exd4 5. exd4 Nf6 6. Nf3 Be7 7. Be2 dxc4 8. Bxc4 0-0 9. 0-0 Bg4 10. Be3 Nbd7 11. h3 Bh5 12. Be2 Nb6 13. Bf4 Nbd5 14. Be5 Qa5 15. Nxd5 Qxd5 16. b3 Rad8 17. Qd2 Bxf3 18. Bxf6 Bxf6 19. Bxf3 Qxd4 20. Qxd4 Bxd4 21. Rad1 Bf6 22. a4 a5 23. Rfe1 Rxd1 24. Rxd1 Rd8 25. Kf1 Rxd1+ 26. Bxd1 Kf8 27. Ke2 Ke7 28. Kd3 Kd6 29. Kc4 b6 30. Bc2 h6 31. Be4 Be5 32. Bf3 Bf6 33. Bh5 g6 34. Bf3 Bg7 35. Be4 g5 36. Bc2 Be5 37. Be4 Bg7 38. Bc2 1/2-1/2

[Event "FRA-chT1 1011"]
[Site "France"]
[Date "2010.11.14"]
[Round "3.6"]
[White "Durczak, Melanie"]
[Black "Mensch, Etienne"]
[Result "0-1"]
[WhiteElo "1719"]
[BlackElo "2348"]
[PlyCount "35"]
[EventDate "2010.10.17"]
[EventType "team-tourn"]
[EventRounds "11"]
[EventCountry "FRA"]
[SourceTitle "EXT 2012"]
[Source "ChessBase"]
[SourceDate "2011.11.24"]
[SourceVersion "1"]
[SourceVersionDate "2011.11.24"]
[SourceQuality "1"]

1. d4 Nf6 2. Nf3 c5 3. e3 g6 4. b3 cxd4 5. exd4 Bg7 6. Nbd2 0-0 7. Bb2 Nc6 8. c4 d5 9. Bd3 Nh5 10. Bc2 dxc4 11. Nxc4 Bg4 12. Nce5 Bxe5 13. Nxe5 Qa5+ 14. Qd2 Qxd2+ 15. Kxd2 Rfd8 16. Ke3 Rac8 17. Rhd1 Nb4 18. Bd3 0-1

[Event "FRA-chT2 0910"]
[Site "France"]
[Date "2009.10.04"]
[Round "1.8"]
[White "Le Berre, Tennessee"]
[Black "Durczak, Melanie"]
[Result "1/2-1/2"]
[WhiteElo "1822"]
[BlackElo "1689"]
[PlyCount "92"]
[EventDate "2009.09.27"]
[EventType "team-tourn"]
[EventRounds "11"]
[EventCountry "FRA"]
[SourceTitle "EXT 2011"]
[Source "ChessBase"]
[SourceDate "2010.11.26"]
[SourceVersion "1"]
[SourceVersionDate "2010.11.26"]
[SourceQuality "1"]

1. e4 d5 2. exd5 Nf6 3. d4 Bg4 4. Nf3 Nxd5 5. c4 Nb6 6. Be3 e6 7. Nc3 N8d7 8. Bd3 Be7 9. 0-0 Bf6 10. Ne4 Qe7 11. Rc1 Rc8 12. Nxf6+ Nxf6 13. Be2 Nbd7 14. Qa4 a6 15. Rfd1 0-0 16. Qc2 c5 17. dxc5 Nxc5 18. b4 Ncd7 19. a3 b5 20. Qb3 e5 21. cxb5 axb5 22. Qa2 Be6 23. Qb2 Bc4 24. Bxc4 Rxc4 25. Rxc4 bxc4 26. Nd2 Rc8 27. Rc1 Qe6 28. Nb3 h6 29. Nc5 Nxc5 30. Bxc5 Ne4 31. Be3 c3 32. Qc2 Qc4 33. f3 Nd2 34. Bc5 Nb3 35. Qxc3 Qd5 36. Rc2 Nd4 37. Rd2 Qc6 38. Qe3 f6 39. Bxd4 Qc1+ 40. Kf2 exd4 41. Qxd4 Qxa3 42. b5 Rb8 43. b6 Qa6 44. Rb2 Qb7 45. Rb4 Qc6 46. Qe4 Qc5+ 1/2-1/2

[Event "FRA-ch U14 Girls"]
[Site "Le Grand Bornand"]
[Date "2003.??.??"]
[Round "6.8"]
[White "Durczak, Melanie"]
[Black "Bodlenner, Camille"]
[Result "0-1"]
[WhiteElo "1610"]
[BlackElo "1810"]
[PlyCount "98"]
[EventDate "2003.??.??"]
[EventType "swiss"]
[EventRounds "9"]
[EventCountry "FRA"]
[SourceTitle "EXT 2004"]
[Source "ChessBase"]
[SourceDate "2003.11.25"]
[SourceVersion "1"]
[SourceVersionDate "2003.11.25"]
[SourceQuality "1"]

1. e4 c5 2. Nc3 Nc6 3. f4 g6 4. Nf3 Bg7 5. Be2 d6 6. 0-0 e6 7. d3 Nge7 8. Qe1 0-0 9. Kh1 Rb8 10. a3 a6 11. Bd1 b5 12. Ne2 f5 13. Ng3 Qb6 14. Rb1 b4 15. axb4 Qxb4 16. Qxb4 Rxb4 17. c3 Bxc3 18. Bc2 Bg7 19. Re1 Nd4 20. Nxd4 Bxd4 21. b3 Bf2 22. Re2 Bxg3 23. hxg3 Nc6 24. Ba3 Rb6 25. e5 Nb4 26. Bxb4 cxb4 27. d4 d5 28. Kg1 Bd7 29. Bd3 Rc8 30. Ra2 Bb5 31. Bxb5 axb5 32. Kf2 h6 33. Ke2 h5 34. Kf3 Rcc6 35. Ra8+ Kg7 36. Ra7+ Kh6 37. Ra2 Ra6 38. Rba1 Rxa2 39. Rxa2 Rc3+ 40. Kf2 Rxb3 41. Ra5 Rd3 42. Rxb5 Rxd4 43. Ke3 Re4+ 44. Kd3 h4 45. gxh4 Rxf4 46. Rb6 b3 47. Rxb3 Re4 48. Rb6 Rxe5 49. Kd4 Re4+ 0-1